| 000 | 00460cam a2200193 4500 | ||
|---|---|---|---|
| 001 | D6585 | ||
| 008 | 090401t1979 xxu||||| |||| 00| 0 eng d | ||
| 035 | _a(Sirsi) u94067 | ||
| 041 | _aeng | ||
| 050 | _a692.5 | ||
| 100 | _aWheatley, N.R (ed) | ||
| 245 | _aLaxton`s building price book 1980 | ||
| 250 | _a152nd | ||
| 260 |
_aEast Grinstead _bKelly`s Directories _c1979 |
||
| 300 | _axxxv. 743p. 21cm | ||
| 350 | _a0 | ||
| 942 | _n0 | ||
| 948 | _c04/03/1997 | ||
| 999 |
_c97892 _d97892 |
||